Statistiques concernant Définitions des alliances/organisations internationales dans le monde

Cliquez ici pour prendre le quiz!

Statistiques générales

  • Ce quiz a été pris 15 fois
  • Le résultat moyen est 4 sur 9

Statistiques - réponses

AbréviationDéfinition% Correct
EU/UEUnion européenne
100%
ONUOrganisation des Nations Unies
92%
OTANOrganisation du traité de l'Atlantique nord
92%
BRICS/BRICABrésil Russie Inde Chine Afrique du Sud
69%
UAUnion africaine
54%
ANZUS/ANZEUAustralie Nouvelle Zélande États-Unis
15%
CEICommunauté des États indépendants
15%
OSCEOrganisation pour la sécurité et la coopération en Europe
8%
OEAOrganisation des États américains
0%

Distribution des résultats

Percentile par nombre de réponses

% des personnes avec chaque résultat

Votre développement - résultats

Vous n’avez pas pris ce quiz